000 00574nam a2200193 a 4500
005 20240806064002.0
008 991125s1979 mx 000 0 spa u
020 _a9683400671
035 _aUPN01000035155
049 _aCG
050 4 _aPN6019 G7
_bK5.58
245 0 3 _aEl libro de las tierras vírgenes /
_cRudyard Kipling ; tr. Ramón D. Pérez
260 _aMéxico :
_bPROMEXA,
_c1979.
300 _axii, 415 p.
440 4 _aLas grandes obras del siglo veinte
650 0 _aAnimales
_vCuentos y leyendas
_9234
650 4 _aLiteratura inglesa
_95228
905 _aLibro
999 _c35155
_d35155